000 00453nam a2200169 i 4500
001 78923
003 ES-MaACL
005 20230906173844.0
007 t|
008 041018s1973 sp ||||1| spa d
100 1 _aHeij, W. de.
_962345
245 1 0 _aNuestros hijos /
_cW. de Heij ; [tradujo, Diorki].
260 _a[Salamanca] :
_bSígueme,
_c[1973]
300 _a174 p. ;
_c19 cm.
710 2 _aDiorki.
_93392
852 _aES-MaACL
_jC-54965
_bR.87551
999 _c78923
_d78923